000 00198 a2200085 4500
001 64462
090 _c38085
_d38085
245 _afundamentals of fluid mechanics
260 _aNew york
_bjohn wiley and sons
_c1994
942 _aNUST-CAE
999 _c299535
_d299535